000 00339nam a2200145Ia 4500
008 191201s2009 xx 000 0 und d
082 _a658.562
_bKEG
100 _aKEEGAN,Warrrent
245 0 _aGlobal Marketing Management
250 _a7th IMP
260 _aN. delhi
_bpearson
_c2009
300 _a643
650 _aBBA
942 _2ddc
_cBK
999 _c4425
_d4425